00423 2200169 4500001002100000008004100021035002000062245005100082100002800133250000600161260002600167300001200193084001400205082000800219650001400227990001200241INLIS000000000001056 ind  a0010-0524000291 aTerapi Pikiran BahagiacOktasika Badai Nirmala aBadai Nirmala, Oktasika a1 aJakarta :bEmirc2014 a158 hlm a600 OKT t a600 aNon Fiksi a0744034